Siderometalurgia (Record no. 3661)

MARC details
000 -LEADER
campo de control de longitud fija 00842nam a2200193 i 4500
001 - NÚMERO DE CONTROL
campo de control 3661
003 - IDENTIFICADOR DE NÚMERO DE CONTROL
campo de control ES-MaACL
005 - FECHA Y HORA DE LA ÚLTIMA TRANSACCIÓN
campo de control 20250902073144.0
008 - DATOS DE LONGITUD FIJA--INFORMACIÓN GENERAL
campo de control de longitud fija 200218s1966 sp |||| | spa d
245 00 - MENCIÓN DEL TÍTULO
Título Siderometalurgia
Resto del título : Reglamentación Nacional de Trabajo en la industria siderometalurgica, Reglamentación Nacional de Trabajo en la industria metalgrafica y de construccion de envases metalicos.
260 ## - PUBLICACIÓN, DISTRIBUCIÓN, ETC.
Lugar de publicación, distribución, etc. Madrid :
Nombre del editor, distribuidor, etc. Garcia Enciso,
Fecha de publicación, distribución, etc. [1966]
300 ## - DESCRIPCIÓN FÍSICA
Extensión 380 p. ;
Dimensiones 16 cm.
490 1# - MENCIÓN DE SERIE
Mención de serie "Colección García Enciso"
650 #4 - PUNTO DE ACCESO ADICIONAL DE MATERIA--TÉRMINO DE MATERIA
Término de materia o nombre geográfico como elemento de entrada Trabajadores de la industria siderúrgica-
Subdivisión general Estatuto jurídico-
Subdivisión geográfica España.
9 (RLIN) 165906
650 #4 - PUNTO DE ACCESO ADICIONAL DE MATERIA--TÉRMINO DE MATERIA
Término de materia o nombre geográfico como elemento de entrada Trabajadores de la industria metalúrgica-
Subdivisión general Estatuto jurídico-
Subdivisión geográfica España.
9 (RLIN) 169620
830 00 - PUNTO DE ACCESO ADICIONAL DE SERIE-TÍTULO UNIFORME
Título uniforme Colección "García Enciso"
9 (RLIN) 176884
852 ## - LOCALIZACIÓN
Ubicación ES-MaACL
Número de control de estantería P-1332-6
Holdings
Estatus retirado Estado de pérdida Estado de daño No para préstamo Biblioteca de origen Biblioteca actual Ubicación en estantería Fecha de adquisición Fuente de adquisición Total de préstamos Signatura topográfica completa Código de barras Visto por última vez Precio de reemplazo Tipo de ítem Koha
        Biblioteca del Ateneo de Madrid Biblioteca del Ateneo de Madrid Depósito 2 08/05/2005     P-1332-6 1201559 23/02/2023 23/02/2023 Libro impreso